Skład reprezentacji Włoch! - Statystyki

Ogólne statystyki
  • Ten quiz został rozwiązany 71 razy
  • Średni wynik to 7 z 23
Statystyki odpowiedzi
Pozycja Zawodnik % Poprawnych
Bramkarz Donnarumma
100%
Napastnik Insigne
60%
Bramkarz Sirigu
54%
Pomocnik Barella
48%
Pomocnik Jorginho
48%
Obrońca Bastoni
40%
Napastnik Belotti
38%
Bramkarz Meret
38%
Obrońca Di Lorenzo
37%
Obrońca Acerbi
30%
Pomocnik Locatelli
29%
Napastnik Berardi
25%
Obrońca Emerson
25%
Obrońca Florenzi
25%
Napastnik Bernardeschi
24%
Obrońca Romagnoli
22%
Pomocnik Tonali
19%
Obrońca Calabria
17%
Napastnik Lasagna
8%
Obrońca D'Ambrosio
3%
Napastnik Orsolini
2%
Pomocnik Pessina
2%
Pomocnik Soriano
0%
Nie znaleziono quizów pasujących do podanych kryteriów
Rozkład punktacji
Procent ludzi z każdym wynikiem
Percentyl według liczby udzielonych odpowiedzi
Twoja historia wyników
Nie rozwiązałeś tego quizu